000 00837nam a2200253 i 4500
001 bg
100 1 _aJANICKA-PANEK, Teresa
245 1 0 _aSkuteczność zintegrowanej edukacji wczesnoszkolnej po trzech latach reformy :
_bporadnik dla dyrektorów szkół i nauczycieli /
_cTeresa Janicka-Panek.
260 _aWarszawa :
_bFraszka Edukacyjna,
_c2004.
300 _a130 s. ;
_c29 cm.
504 _aBibliogr.
650 9 _aNauczanie początkowe
650 9 _aNauczanie zintegrowane
650 9 _aOświata
_xreforma
_zPolska
_yod 1989 r.
020 _a8388839713
040 _cBPK
041 0 _apol
080 _a372.4
080 _a372.4:37.014.3(438)"1989/..."
920 _a83-88839-71-3
942 _cKS
008 s pl f |000 0 pol
999 _c45959
_d45959
856 _uhttp://koha.tu.koszalin.pl/cgi-bin/koha/opac-detail.pl?biblionumber=45959
_yKatalog online BPK